000 00498nam a2200193 a 4500
001 1767004499116
003 YourLibrary
005 20260102153918.0
008 251229s2005##################000#0#eng##
020 _a9780747568711
082 0 4 _a294.3923092
_bBRO
100 1 _aBrown, Mick,
_eauthor.
245 1 0 _aThe Dance of 17 Lives :
260 _bBloomsbury Paperbacks,
_c2005.
300 _a304 pages
650 0 _aBuddhism.
942 _cENGLISH
040 _aYourLibrary
_beng
_cYourLibrary
999 _c606734
_d606734